Pokémon Epée et Bouclier - Zones des Terres Sauvages - Statistiques

Statistiques générales
  • Ce quiz a été pris 9 fois
  • Le résultat moyen est 11 sur 18
Statistiques - réponses
Ensemble Zones des Terres Sauvages dans Pokémon Epee et Bouclier % Correct
Zone nord Fosse des Sables
88%
Zone sud Lac Coupenotte Est
88%
Zone sud Lac Milobellus Nord
88%
Zone sud Lac Milobellus Sud
88%
Zone entre-rives Prairie Entre-Ponts
88%
Zone sud Lac Coupenotte Ouest
75%
Zone nord Coiffe du Géant
63%
Zone nord Lac Ouragan
63%
Zone nord Miroir du Géant
63%
Zone nord Plateau de Kickenham
63%
Zone sud Tour en ruines
63%
Zone entre-rives Berges de Motorby
50%
Zone sud Bois de Clairjour
50%
Zone sud Oeil du Lac
50%
Zone sud Siège du Géant
50%
Zone nord Plaine Rocheuse
38%
Zone sud Sentier de la Gare
38%
Zone sud Plaine Verdoyante
25%
Aucun quiz correspondant
Distribution des résultats
% des personnes avec chaque résultat
Percentile par nombre de réponses
Votre historique - résultats
Vous n’avez pas pris ce quiz